| 000 | 00572nam a2200193Ii 4500 | ||
|---|---|---|---|
| 003 | JO-AjNU | ||
| 008 | 230606s9999||||xx |||||||||||||| ||und|| | ||
| 020 | _a978-81-8052-215-4 | ||
| 040 |
_aJO-AjNU _beng _erda _cJO-AjNU |
||
| 041 | _aeng | ||
| 050 | 1 | 4 | _aK1005.4.K82.2007 |
| 100 | 3 |
_aMOSHAL ، B . S, _eauthor _9364 |
|
| 245 | 0 | 0 | _aMERCANTILE LAW TEXT WITH OBJECTIVE TYPE QUESTIONS (CA - CPT ) |
| 264 | 3 | 1 | _aNEW DEIHI : ANE BOOK INDIA،2007 |
| 300 | _a56p | ||
| 336 |
_atext _btxt _2rdacontent |
||
| 337 |
_aunmediated _bn _2rdamedia |
||
| 338 |
_avolume _bnc _2rdacarrier |
||
| 999 |
_aE193 _c193 _d193 |
||